书目信息 |
| 题名: |
山西曲艺故事选
|
|
| 作者: | ;山西省文学艺术界联合会 选编 | |
| 分册: | ||
| 出版信息: | 太原 山西人民出版社 1979 |
|
| 页数: | 575页 | |
| 开本: | 19cm | |
| 丛书名: | ||
| 单 册: | ||
| 中图分类: | I219 | |
| 科图分类: | ||
| 主题词: | 文艺演唱--作品--山西--现代--选集 | |
| 电子资源: | ||
| ISBN: | ||
| 000 | 00657nam0 2200217 45 | |
| 001 | 0179002076 | |
| 005 | 20060802163348.46 | |
| 010 | @b精装@dCNY2.15 | |
| 091 | @aCN@b10088.617 | |
| 100 | @a19950718d1979 em y0chiy0121 ea | |
| 101 | 0 | @achi |
| 102 | @aCN@b140000 | |
| 105 | @ay z 000zy | |
| 200 | 10 | @a山西曲艺故事选@Ashan xi qu yi gu shi xuan@f山西省文学艺术界联合会选编 |
| 210 | @a太原@c山西人民出版社@d1979 | |
| 215 | @a575页@d19cm | |
| 606 | @a文艺演唱@x作品@y山西@z现代@x选集 | |
| 690 | @aI219@v3 | |
| 711 | 02 | @a山西省文学艺术界联合会@Ashan xi sheng wen xue yi shu jie lian he hui@4选编 |
| 801 | 0 | @aCN@bTSSF@c20060802 |
| 905 | @a10447@dI219@e10 | |
| 山西曲艺故事选/山西省文学艺术界联合会选编.-太原:山西人民出版社,1979 |
| 575页;19cm |
| ISBN (精装):CNY2.15 |
| ● |
| 相关链接 |
|
|
|
|
正题名:山西曲艺故事选
索取号:I219/10
 
预约/预借
| 序号 | 登录号 | 条形码 | 馆藏地/架位号 | 状态 | 备注 |
| 1 | 0428947 | 204289475 | 密集书库/ [索取号:I219/10] | 在馆 | |
| 2 | 0428948 | 204289484 | 密集书库/ [索取号:I219/10] | 在馆 |